Online katalóg knižníc regiónu Turca

Duch (Record no. 22180)

MARC details
000 -LEADER
fixed length control field 01734nam a2200469 a 4500
001 - CONTROL NUMBER
control field 22180
003 - CONTROL NUMBER IDENTIFIER
control field VRT
005 - DATE AND TIME OF LATEST TRANSACTION
control field 20260321120012.0
008 - FIXED-LENGTH DATA ELEMENTS--GENERAL INFORMATION
fixed length control field 240318s1998 xo r 010 f slo
015 ## - NATIONAL BIBLIOGRAPHY NUMBER
National bibliography number SNBA1999/01-00374
020 ## - INTERNATIONAL STANDARD BOOK NUMBER
International Standard Book Number 8085218488
035 ## - SYSTEM CONTROL NUMBER
System control number SNK000299710
035 ## - SYSTEM CONTROL NUMBER
System control number urn:nbn:sk:snk-amkidg
035 ## - SYSTEM CONTROL NUMBER
System control number urn:nbn:sk:snk-am008h6j
035 ## - SYSTEM CONTROL NUMBER
System control number F7881EC8-8616-45CA-8C46-E7105DB2600F
039 #9 - LEVEL OF BIBLIOGRAPHIC CONTROL AND CODING DETAIL [OBSOLETE]
Level of rules in bibliographic description 202403181504
Level of effort used to assign nonsubject heading access points VLOAD
Level of effort used to assign subject headings 202402262108
Level of effort used to assign classification VLOAD
Level of effort used to assign subject headings 202208111044
Level of effort used to assign classification msvkbb06
Level of effort used to assign subject headings 201911101908
Level of effort used to assign classification AUTHORITY
040 ## - CATALOGING SOURCE
Original cataloging agency SNK
Language of cataloging slo
Transcribing agency SNK
Description conventions AACR2
041 1# - LANGUAGE CODE
Language code of text/sound track or separate title slo
Language code of original eng
044 ## - COUNTRY OF PUBLISHING/PRODUCING ENTITY CODE
MARC country code xo
ISO country code SK
072 #7 - SUBJECT CATEGORY CODE
Subject category code 821.111(73)-3
Subject category code subdivision Americká próza
Source konspekt
080 ## - UNIVERSAL DECIMAL CLASSIFICATION NUMBER
Universal Decimal Classification number 821.111(73)-31
Edition identifier 2011
080 ## - UNIVERSAL DECIMAL CLASSIFICATION NUMBER
Universal Decimal Classification number (0:82-312.5)
Edition identifier 2011
100 1# - MAIN ENTRY--PERSONAL NAME
Personal name Steel, Danielle,
Dates associated with a name 1947-
Relationship aut
240 14 - UNIFORM TITLE
Uniform title The ghost
Language of a work Slovensky
245 10 - TITLE STATEMENT
Title Duch
Statement of responsibility, etc. Danielle Steel ; [z amerického originálu preložila Paulína Pastíriková]
260 ## - PUBLICATION, DISTRIBUTION, ETC.
Place of publication, distribution, etc. Bratislava
Name of publisher, distributor, etc. Remedium
Date of publication, distribution, etc. 1998
300 ## - PHYSICAL DESCRIPTION
Extent 336 s.
Dimensions 21 cm
500 ## - GENERAL NOTE
General note Údaj o prekl. prevzatý z rubu tit. strany
655 #7 - INDEX TERM--GENRE/FORM
Genre/form data or focus term americké romány
Source of term SNKPH
655 #7 - INDEX TERM--GENRE/FORM
Genre/form data or focus term ľúbostné romány
Source of term SNKPH
655 #7 - INDEX TERM--GENRE/FORM
Genre/form data or focus term American novels
Source of term SNKPHeng
655 #7 - INDEX TERM--GENRE/FORM
Genre/form data or focus term Love novels
Source of term SNKPHeng
700 1# - ADDED ENTRY--PERSONAL NAME
Personal name Pastíriková, Paulína
Relationship trl
942 ## - ADDED ENTRY ELEMENTS (KOHA)
Source of classification or shelving scheme Dewey Decimal Classification
Koha item type Krásna literatúra pre dospelých
Suppress in OPAC No
949 ## - LOCAL PROCESSING INFORMATION (OCLC)
6 2889362426
a savukPV 1154
949 ## - LOCAL PROCESSING INFORMATION (OCLC)
6 270001000608795
a svkbbA 97699-a
b svkbbm 800885
949 ## - LOCAL PROCESSING INFORMATION (OCLC)
6 270001000006464
a svkbbA 97699
b svkbbm 621027
949 ## - LOCAL PROCESSING INFORMATION (OCLC)
6 17A0165572
9 P60, <03>, [BOOK], {603}
a snkSC 97026
b snkKSP 9972/98
s 6100:20140925
949 ## - LOCAL PROCESSING INFORMATION (OCLC)
6 17A0168773
9 P60, <05>, [BOOK], {605}
a snkSC 97026 D1
b snkKSP 10663/98
Holdings
Stav vyradenia Strata Poškodenie Spôsob nadobudnutia Domovská knižnica Aktuálna knižnica Dátum nadobudnutia Total checkouts Čiarový kód exemplára Date last seen Typ exemplára
      Dar Obecná knižnica Horná Štubňa Obecná knižnica Horná Štubňa 21.03.2026   9788085218480 21.03.2026 Krásna literatúra pre dospelých
Projekt je podporený Slovenskou asociáciou knižníc
Prevádzkuje Turčianska knižnica Martin 2026